000 00995nam a2200277 i 4500
001 196046
003 ES-MaACL
005 20240927063118.0
008 240925s2023 sp ||||| |||| 00| 0 spa d
020 _a9798390288009
040 _cES-MaACL
100 _aFernández, Angel Luís
_9238046
_eaut
245 _aIntuición divino tesoro /
_cFernández, Angel Luís
250 _aPrimera edición: abril 2023
260 _aEstados Unidos :
_bAmazon,
_c2023.
300 _a312 páginas ;
_c23 cm
336 _2rdacontent
_aTexto
337 _2rdamedia
_asin mediación
338 _2rdacarrier
_avolumen
852 _aES-MaACL
_cDEPOJ
_hDonación: Angel Luís Fernández
_xRústica
_jN-9173
_9196046
_gDedicatoria autógrafa del autor
903 _9238046
_aFernández, Angel Luís
_ednr
942 _cMONOGRAFIA
_n0
954 _iTatiana Alejandra de Castro Pérez
999 _c196046
_d196046